World almanac's legal guide for American travelers / (Record no. 19210)
[ view plain ]
| 000 -LEADER | |
|---|---|
| fixed length control field | 00507nam a2200157 a 4500 |
| 005 - DATE AND TIME OF LATEST TRANSACTION | |
| control field | 20140310183133.0 |
| 008 - FIXED-LENGTH DATA ELEMENTS--GENERAL INFORMATION | |
| fixed length control field | 030304s19uu xx 00 eng d |
| 050 ## - LIBRARY OF CONGRESS CALL NUMBER | |
| Classification number | KF 390.A5 |
| Item number | .N68 1986 |
| 100 ## - MAIN ENTRY--PERSONAL NAME | |
| Personal name | Novik, Jack D. |
| 245 ## - TITLE STATEMENT | |
| Title | World almanac's legal guide for American travelers / |
| Statement of responsibility, etc | Jack D. Novik. |
| 260 ## - PUBLICATION, DISTRIBUTION, ETC. (IMPRINT) | |
| Place of publication, distribution, etc | New York : |
| Name of publisher, distributor, etc | World Almanac publication, |
| Date of publication, distribution, etc | 1986. |
| 300 ## - PHYSICAL DESCRIPTION | |
| Extent | 144 p. : |
| Dimensions | 18 cm. |
| 650 ## - SUBJECT ADDED ENTRY--TOPICAL TERM | |
| Topical term or geographic name as entry element | Americans |
| General subdivision | legal status, laws, etc. |
| -- | Europe |
| -- | popular works |
| 942 ## - ADDED ENTRY ELEMENTS (KOHA) | |
| Koha item type | Books |
| Source of classification or shelving scheme | Library of Congress Classification |
| Withdrawn status | Lost status | Source of classification or shelving scheme | Damaged status | Home library | Current library | Shelving location | Date acquired | Total Checkouts | Full call number | Barcode | Date last seen | Copy number | Price effective from | Koha item type |
|---|---|---|---|---|---|---|---|---|---|---|---|---|---|---|
| Library of Congress Classification | College Library | College Library | Reference Section | 10/25/2013 | KF 390.A5 .N68 1986 | C1782 | 05/15/2018 | 1 | 10/25/2013 | Books |